La Iglesia y el mundo hoy / (Record no. 27835)

MARC details
000 -LEADER
campo de control de longitud fija 00811nam a2200241 i 4500
001 - NÚMERO DE CONTROL
campo de control 27835
003 - IDENTIFICADOR DE NÚMERO DE CONTROL
campo de control ES-MaACL
005 - FECHA Y HORA DE LA ÚLTIMA TRANSACCIÓN
campo de control 20250929063057.0
007 - CAMPO FIJO DE DESCRIPCIÓN FÍSICA--INFORMACIÓN GENERAL
campo de control de longitud fija t|
008 - DATOS DE LONGITUD FIJA--INFORMACIÓN GENERAL
campo de control de longitud fija 030115s1969 sp ||||1| spa d
100 1# - ENTRADA PRINCIPAL--NOMBRE DE PERSONA
Nombre de persona Babin, Pierre,
Fechas asociadas al nombre 1925-2012
9 (RLIN) 24418
245 13 - MENCIÓN DEL TÍTULO
Título La Iglesia y el mundo hoy /
Mención de responsabilidad, etc. Pierre Babin, J. P. Bagot y B. Champeaux ; [versión dirigida por José Manuel Estepa Llaurens].
260 ## - PUBLICACIÓN, DISTRIBUCIÓN, ETC.
Lugar de publicación, distribución, etc. Madrid :
Nombre del editor, distribuidor, etc. Marova,
Fecha de publicación, distribución, etc. [1969]
300 ## - DESCRIPCIÓN FÍSICA
Extensión 124 p. ;
Dimensiones 22 cm.
490 1# - MENCIÓN DE SERIE
Mención de serie Colección "Mundo y Fe"
650 14 - PUNTO DE ACCESO ADICIONAL DE MATERIA--TÉRMINO DE MATERIA
Término de materia o nombre geográfico como elemento de entrada Iglesia y mundo.
9 (RLIN) 136257
700 1# - ENTRADA AGREGADA--NOMBRE PERSONAL
Nombre de persona Estepa Llaurens, José Manuel.
9 (RLIN) 48112
700 1# - ENTRADA AGREGADA--NOMBRE PERSONAL
Nombre de persona Bagot, Jean Pierre.
9 (RLIN) 24642
700 1# - ENTRADA AGREGADA--NOMBRE PERSONAL
Nombre de persona Champeaux, B.
9 (RLIN) 37913
830 0# - PUNTO DE ACCESO ADICIONAL DE SERIE-TÍTULO UNIFORME
Título uniforme Colección "Mundo y Fe"
9 (RLIN) 229233
852 ## - LOCALIZACIÓN
Ubicación ES-MaACL
Número de control de estantería C-36769
Sublocalización o colección R.70831
Holdings
Estatus retirado Estado de pérdida Estado de daño No para préstamo Biblioteca de origen Biblioteca actual Ubicación en estantería Fecha de adquisición Fuente de adquisición Total de préstamos Signatura topográfica completa Código de barras Visto por última vez Precio de reemplazo Tipo de ítem Koha
        Biblioteca del Ateneo de Madrid Biblioteca del Ateneo de Madrid Depósito 2 17/01/2008     C-36769 1028741 23/02/2023 23/02/2023 Libro impreso